1441 1885 1980 1967 1336 1042 1893 1411 1707 1540 1493 1642 1941 1451 1018 1236 1374 1457 1531 1216 1503 1471 1893 1645 1761 1846 1921 1636 1718 1068 1735 1197 1425 1462 1078 1823 1939 1977 1175 1430 1806 1190 1763 1588 1914 1218 1961 1757 1069 1342 1898 1730 1458 1666 1328 1569 1372 1861 1585 1616 1104 1146 1249 1452 1121 1467 1959 1854 1903 1048 1616 1364 1377 1122 1673 1460 1572 1842 1508 1139 1087 1648 1803 1462 1021 1936 1128 1624 1524 1467 1484 1974 1532 1877 1109 1670 1623 1242 1820 BCNSPRNW ULIB Ver.6.0+V

เปลี่ยนเป็นภาษาไทย

Change to English
 แสดงรายละเอียดบรรณานุกรม
  กลับหน้าหลัก

Brief Record : Get Marc (ISO 2709) : E-mail record : QR code < ปิดหน้าต่าง
LEADER : 00000nam 2200000uu 4500
001    13399128162
003     ULIB
008    220801s2562||||th 000 0 tha d
020    ^a9789740338550
050    ^aLB1028.3^bด364ก
100    ^aดนัยศักดิ์ กาโร
245    ^aการปฏิวัติการสอนสู่ห้องเรียน 4.0 ด้วย Google for education /^cดนัยศักดิ์ กาโร
260    ^aกรุงเทพฯ :^bสำนักพิมพ์จุฬาลงกรณ์มหาวิทยาลัย,^c2562
300    ^a193 หน้า^bภาพประกอบ, ภาคผนวก
650    ^aระบบการเรียนการสอน
650    ^aการเรียนการสอนผ่านเว็บ
650    ^aการเรียนรู้ผ่านระบบอิเล็กทรอนิกส์
650    ^aคอมพิวเตอร์จัดการสอน
650    ^aสื่อการสอน
650    ^aการสอนด้วยสื่อ
945    ^p210^l0^i29405
945    ^p210^l0^i29406
945    ^p210^l0^i29407
945    ^p210^l0^i29408
945    ^p210^l0^i29409
999    ^aกัณชพร จุลอักษร
รายการนี้ยังไม่มีแท็ก
คุณยังไม่ได้ล็อกอิน คุณสามารถมีกิจกรรมร่วมกับเว็บไซต์ได้ แต่ต้องล็อกอินก่อน ::
  ล็อกอิน

รายการสื่อสารสนเทศ

ลำดับที่ ประเภท เลขเรียก/บาร์โค้ด สถานที่ สถานะ
1. หนังสือสำรอง
หนังสือสำรอง
LB1028.3 ด364ก ฉ.1 
  Barcode: 29405
ห้องสมุดวิทยาเขตนครสวรรค์
►หนังสือทั่วไป:l:General Books
บนชั้น
2. วิทยาศาสตร์การแพทย์ และสุขภาพ
วิทยาศาสตร์การแพทย์ และสุขภาพ
LB1028.3 ด364ก ฉ.2 
  Barcode: 29406
ห้องสมุดวิทยาเขตนครสวรรค์
►หนังสือทั่วไป:l:General Books
บนชั้น
3. วิทยาศาสตร์การแพทย์ และสุขภาพ
วิทยาศาสตร์การแพทย์ และสุขภาพ
LB1028.3 ด364ก ฉ.3 
  Barcode: 29407
ห้องสมุดวิทยาเขตนครสวรรค์
►หนังสือทั่วไป:l:General Books
บนชั้น
4. วิทยาศาสตร์การแพทย์ และสุขภาพ
วิทยาศาสตร์การแพทย์ และสุขภาพ
LB1028.3 ด364ก ฉ.4 
  Barcode: 29408
ห้องสมุดวิทยาเขตนครสวรรค์
►หนังสือทั่วไป:l:General Books
บนชั้น
5. วิทยาศาสตร์การแพทย์ และสุขภาพ
วิทยาศาสตร์การแพทย์ และสุขภาพ
LB1028.3 ด364ก ฉ.5 
  Barcode: 29409
ห้องสมุดวิทยาเขตนครสวรรค์
►หนังสือทั่วไป:l:General Books
บนชั้น

รายการใกล้เคียง
    ผู้แต่ง [ดนัยศักดิ์ กาโร]

    หัวเรื่อง [ระบบการเรียนการสอน]
    หัวเรื่อง [การเรียนการสอนผ่านเว็บ]
    หัวเรื่อง [การเรียนรู้ผ่านระบบอิเล็กทรอนิกส์]
    หัวเรื่อง [คอมพิวเตอร์จัดการสอน]
    หัวเรื่อง [สื่อการสอน]
    หัวเรื่อง [การสอนด้วยสื่อ]

BibComment


ยังไม่เคยถูกคอมเมนท์

คอมเมนท์ทรัพยากรรายการนี้
  คอมเมนท์: การปฏิวัติการสอน..


 Copyright 2026. Bcnsprnw @Library